000 00295nam a22001217a 4500
008 180109b xxu||||| |||| 00| 0 eng d
041 _aeng
080 _a330.101.541
100 _a52
101 _aMAK
245 _aPRICES AND QUANTITIES: A MACROECONOMIC ANALYSIS
_cOKUN,A.M
942 _2udc
_cBK
999 _c39882
_d39882